000 00784nam a2200217Ia 4500
001 17531
003 GE_BSU
008 181216s||||||||xx |||||||||||||| ||und||
020 _a9785865473503
040 _cGE_BSU
245 _aДорога в Россию.Первый уровень:том1
245 _bПервый уровень:том1
260 _aСанкт-Петербург
260 _bЗлатоуст
260 _c2006
300 _aСD. 60мин.
541 _h48л,
653 _aАудиоприложение к третьей части (том1) (уровен В1) основного курса русского языка для взрослых
653 _aтексты диалоги и фонетические упражнения.
942 _cCF
999 _c50581
_d50581